000 00562nam a2200241 a 4500
001 nice12345678
003 IN_TiNIC
005 20260116011419.0
008 050524s1959 lona grp 000 0 eng
020 _a
_c100
082 0 0 _a297.09
_bMAH
100 _aMahmud, S F
245 _aStory of Islam.
260 _aLondon
_bOxford University Press
_c1959
300 _a354p.
500 _aincludes index and biblioraphy
505 2 _aAppendix
650 _aIslam-History
700 1 _aMahmud, S F
902 _bSRS
942 _cBK
999 _c1324
_d1324